000 00282nam a22001337a 4500
008 170601b xxu||||| |||| 00| 0 eng d
020 _a9781400079988
041 _aeng
080 _a93
100 _a17
101 _aSHH
245 _aWAR AND PEACE
_cTOLSTOY, L
942 _2udc
_cBK
999 _c15464
_d15464